Las grandes religiones del mundo / director Manuel Dávalos

Guardado en:
Detalles Bibliográficos
Autor principal: Dávalos, Manuel (autor)
Otros autores: 1. Religiones no Cristianas (autor) (autor)
Formato: Libro
Etiquetas: Agrega una etiqueta
Sin etiquetas, Sé el primero en etiquetar este registro!

MARC

LEADER 00000nam^a2200000^u^4500
001 000553250
005 20250521000000.0
008 060220s1000^^^^^^^^^^^^r^^^^^000^0^spa^d
009 20260310131633.82
035 |a FMI 000023042 
037 |a Acervo Xavier Clavigero 
096 |a 7.0/49/A 
100 |a Dávalos, Manuel  |e (autor) 
245 1 4 |a Las grandes religiones del mundo / director Manuel Dávalos 
264 |a New York : Time Life, 1967 
300 |a 219 p 
336 |a texto  |b txt  |2 rdacontenido 
337 |a sin mediación  |b n  |2 rdamedio 
338 |a volumen  |b nc  |2 rdasoporte 
649 |a XX 
700 |a 1. Religiones no Cristianas  |e (autor) 
910 |a Fondo Francisco Migoya Covarrubias S.J. 
920 |a Impresos - Libros 
930 |a Fondos Especiales 
905 |a 134 
901 |a SBC30484  |b IT2  |c ESP  |u 20250521 
902 |a https://opac.biblio.iteso.mx/vufind/Record/000553250